00964nam a2200265Ia 450000500170000000700030001700800410002002000180006104000350007904100080011408200210012210000350014324500700017826400320024830000250028033600270030533700330033233800280036549000380039350400410043152100420047260000580051460000710057265000550064320220317001925.0ta210823s2017 ck er 000 0dspa d a9789588887210 aCO-BoRNBPbspacCO-BoRNBPerda0 aspa04a928.61bG17z2221 aZuluaga, Conradod1947-eautor10aGabriel García Márquezbno moriré del todocConrado Zuluaga 1aBogotábLuna Librosc2017 a244 páginasc19 cm atextobtxt2rdacontent asin mediaciónbn2rdamedia avolumenbnc2rdacarrier0 aAmérica. Serie Biografías v4 aIncluye referencias bibliográficas aRecomendado para un público adulto 14aGarcía Márquez, Gabrield1928-2014vBiografías 14aGarcía Márquez, Gabrield1928-2014xCrítica e interpretacion17aAutores colombianosvBiografías ySiglo XX2LEMB